Stare Flagi Państw Europejskich #1 - Statystyki

Ogólne statystyki
  • Ten quiz został rozwiązany 3 809 razy
  • Średni wynik to 15 z 23
Statystyki odpowiedzi
Obrazkowy Odpowiedź % Poprawnych
Albania
98%
Hiszpania
96%
Portugalia
92%
Polska
91%
Chorwacja
90%
Węgry
90%
Niemcy
88%
Francja
82%
Austria
81%
Hiszpania
78%
Grecja
71%
Litwa
69%
Belgia
61%
Białoruś
60%
Macedonia Północna
57%
Rumunia
53%
Mołdawia
49%
Słowacja
46%
Czechy
45%
Ukraina
43%
Szwecja
34%
Estonia
28%
Włochy
28%
Nie znaleziono quizów pasujących do podanych kryteriów
Rozkład punktacji
Procent ludzi z każdym wynikiem
Percentyl według liczby udzielonych odpowiedzi
Twoja historia wyników
Nie rozwiązałeś tego quizu